Geography Quiz

Random Geography or State Quiz

US State 'Last Names' Quiz Stats

 Plays Quiz Updated Nov 30, 2018

Score 0/8 Timer 01:00
3 Plays Today
Second Name % Correct
???
100%
???
98.1%
???
85.1%
???
59.8%
???
54.6%
???
49.9%
???
38.7%
???
36.6%

You're not logged in!

Compare scores with friends on all Sporcle quizzes.
OR
Log In

You Might Also Like...

Show Comments

Extras

Top Quizzes Today


Score Distribution

Your Account Isn't Verified!

In order to create a playlist on Sporcle, you need to verify the email address you used during registration. Go to your Sporcle Settings to finish the process.

Report this User

Report this user for behavior that violates our Community Guidelines.

Details: